| 000 | 00532nam a2200217 a 4500 | ||
|---|---|---|---|
| 999 |
_c3960 _d3960 |
||
| 001 | 3960 | ||
| 003 | BD-JhCC | ||
| 005 | 20171120091605.0 | ||
| 008 | 171120s1984 bg |||| ||a| 000 0 ben d | ||
| 035 | _a(BD-JhCC)3960 | ||
| 040 |
_aBD-JhCC _dBD-JhCC |
||
| 041 | _aben | ||
| 082 |
_a891.4415 _bRUS 1984 |
||
| 100 | _aRushd, Abu | ||
| 245 |
_aFour Poets From Bangladesh / _cAbu Rushd, |
||
| 260 |
_aDhaka : _bBangla Acamemy, _c1984 |
||
| 300 |
_a60 p. : _c20 cm. |
||
| 650 | _aBengali Poets | ||
| 942 |
_2ddc _cBK |
||